Номограммы для интерпретации данных сейсморазведки

Podrobná bibliografie
Hlavní autor: Зенченко М. П. Михаил Петрович
Shrnutí:Исключено из фонда НТБ ТПУ
Jazyk:ruština
Vydáno: Москва, Недра, 1968
Médium: MixedMaterials Kniha
KOHA link:https://koha.lib.tpu.ru/cgi-bin/koha/opac-detail.pl?biblionumber=277094

MARC

LEADER 00000nam0a2200000 4500
001 277094
005 20231031231330.0
035 |a (RuTPU)RU\TPU\book\300367 
090 |a 277094 
100 |a 20141128d1968 k y0rusy50 ca 
101 0 |a rus 
102 |a RU 
105 |a a z 001zy 
200 1 |a Номограммы для интерпретации данных сейсморазведки  |f М. П. Зенченко 
210 |a Москва  |c Недра  |d 1968 
215 |a 48 с.  |c ил.  |e вкладки 
320 |a Библиогр.: с. 47. 
333 |a Исключено из фонда НТБ ТПУ 
675 |a 550.834.05  |v 3 
700 1 |a Зенченко  |b М. П.  |g Михаил Петрович 
801 1 |a RU  |b 63413507  |c 20141128 
801 2 |a RU  |b 63413507  |c 20220922  |g RCR 
942 |c BK